000
00331nam a2200145Ia 4500
008
191201s2008 xx 000 0 und d
082
_a
005.133
_b
GUC
100
_a
GUELICH, Scott
245
0
_a
CGI Programming with Perl
250
_a
Rep
260
_a
N. delhi
_b
SPD
_c
2008
300
_a
451+22
650
_a
MCA
942
_2
ddc
_c
BK
999
_c
4717
_d
4717